Les églises dans les films - Statistiques

Statistiques générales
  • Ce quiz a été pris 126 fois
  • Le résultat moyen est 6 sur 15
Statistiques - réponses
Par images Réponse % Correct
Le Bossu de Notre-Dame
88%
Sister Act
75%
Le Parrain
72%
Kingsman
59%
Les Tontons flingueurs
54%
L'Avare
49%
La Liste de Schindler
40%
Kill Bill : Volume 2
39%
There Will Be Blood
32%
Les Blues Brothers
16%
Angel Heart
12%
Mean Streets
11%
Le Septième Sceau
10%
Forrest Gump
9%
Rocco et ses frères
4%
Aucun quiz correspondant
Distribution des résultats
% des personnes avec chaque résultat
Percentile par nombre de réponses
Votre historique - résultats
Vous n’avez pas pris ce quiz